000 00427nam a2200121Ia 4500
008 171212s9999 xx 000 0 und d
020 _a9781783742738
100 _aEve, Martin Paul
245 _cEve, Martin Paul
_aLiterature Against Criticism
_bUniversity English and Contemporary Fiction in Conflict
260 _bOpen Book Publishers
_c2016
650 _aLanguage & Literature
856 _uhttp://jstor.org/stable/j.ctt1sq5v00
999 _c351583
_d351583